Score 0/10 Timer 01:00
1 Play Today
% Correct
Get No) Satisfaction
87.8%
Help Falling In Love
79.3%
Buy Me Love
72.9%
Fight This Feeling
65.9%
Stand Losing You
56.3%
Be Tamed
55.3%
Feel My Face
53.9%
Get Enough
53.5%
Drive 55
52.2%
Dance
48.3%

Today's Daily Dose

Missing Word
Train Books

Word Ladder
Piano Man

Quick Pick
Google Products

Get the Picture
Moana or Coco

Remove Ads.
Support Sporcle.
Get the best of Sporcle when you Go Orange. This ad-free experience offers more features, more stats, and more fun while also helping to support Sporcle. Thank you for becoming a member.

You're not logged in!

Compare scores with friends on all Sporcle quizzes.
OR
Log In

Show Comments

Extras

Top Quizzes Today


Score Distribution

Your Account Isn't Verified!

In order to create a playlist on Sporcle, you need to verify the email address you used during registration. Go to your Sporcle Settings to finish the process.

Report this User

Report this user for behavior that violates our Community Guidelines.

Details: